| 000 | 00720nam 22002413 4500 | ||
|---|---|---|---|
| 001 | 202491 | ||
| 010 | _a972-45-1019-0 | ||
| 021 |
_aPT _b60364/92 |
||
| 090 | _a202491 | ||
| 100 | _a20260609d u||y0pory50 ba | ||
| 200 |
_aRantanplan refém _fdesenhos de Morris e M. Janvier, textos de X. Fauche e J. Léturgie |
||
| 210 |
_aLisboa _cMeribérica/Liber _dD.L. 1992 |
||
| 215 |
_a46 p. _cil. ; encadernado _d29 cm |
||
| 225 | _aRantanplan | ||
| 606 |
_91586 _aDesenho Artístico |
||
| 610 | _aBanda Desenhada | ||
| 675 |
_a74 _vPT _zpor |
||
| 700 |
_916145 _aMorris (Maurice Bévère) _f1923-2001 |
||
| 702 |
_916146 _aFauche _bX. |
||
| 702 |
_916147 _aLéturgie _bJ. |
||
| 801 |
_aPT _bBMMN _gRPC |
||
| 830 | _cIsabel | ||
| 990 | _cLIVROS | ||